Language assessment in practice: developing language assessments and justifying their use in the real world
Saved in:
| Main Authors: | , |
|---|---|
| Format: | Bog |
| Sprog: | engelsk |
| Udgivet: |
Oxford
Oxford University Press
2010
|
| Udgivelse: | 1a. ed |
| Serier: | Oxford Applied Linguistics
|
| Fag: | |
| Tags: |
Tilføj Tag
Ingen Tags, Vær først til at tagge denne postø!
|
MARC
| LEADER | 00000cam a2200000 a 4500 | ||
|---|---|---|---|
| 001 | UCE9555 | ||
| 003 | CL-VaPUC | ||
| 008 | 151029e20100000uk |||||||||||||||||eng|d | ||
| 020 | |a 9780194422932 | ||
| 082 | 0 | 4 | |a 425.07 |b BAC |2 21 |
| 100 | 0 | |a Bachman, Lyle F |e author |9 582422 | |
| 700 | 0 | |a Palmer S., Adrian |e author |9 582423 | |
| 245 | 1 | 0 | |a Language assessment in practice: developing language assessments and justifying their use in the real world |
| 250 | |a 1a. ed | ||
| 300 | |a 510 p | ||
| 942 | |c BK | ||
| 945 | |d 20151029 22:28:00 |a dcastane | ||
| 260 | |a Oxford |b Oxford University Press |c 2010 | ||
| 650 | 0 | |a Lingüística aplicada |9 313266 | |
| 650 | 0 | |a Enseñanza de idiomas |9 339820 | |
| 650 | 7 | |a COMPRENSION DEL INGLES |2 CL-VaPUC |9 561038 | |
| 583 | |a last modification |c 20190704 02:50:43 |k Rodrigo Vera | ||
| 490 | 0 | |a Oxford Applied Linguistics | |
| 999 | |c 361219 |d 361217 | ||
| 952 | |0 0 |1 0 |3 erb |4 0 |6 425_070000000000000_BAC_2010 |7 0 |8 A |9 471610 |a BIBEDU |b BIBEDU |i 5245524 |o 425.07 BAC 2010 |p 5245524 |r 2019-11-24 |w 2019-11-24 |y BK |z Catalogado en:20151029 |k LIT | ||
| 952 | |0 0 |1 0 |3 erb |4 0 |6 425_070000000000000_BAC_2010 |7 0 |8 A |9 471611 |a BIBEDU |b BIBEDU |i 524661K |o 425.07 BAC 2010 |p 524661K |r 2019-11-24 |w 2019-11-24 |y BK |z Catalogado en:20151106 |k LIT | ||